University Home | Library Home | Institutional Repository

Le foie de Francais / (Record no. 97807)

MARC details
000 -LEADER
fixed length control field 00509cam1a220016900 4500
005 - DATE AND TIME OF LATEST TRANSACTION
control field 20190819093519.0
008 - FIXED-LENGTH DATA ELEMENTS--GENERAL INFORMATION
fixed length control field 980323
020 ## - INTERNATIONAL STANDARD BOOK NUMBER
International Standard Book Number 2234016541
035 ## - SYSTEM CONTROL NUMBER
System control number (Sirsi) a141094
050 #0 - LIBRARY OF CONGRESS CALL NUMBER
Classification number R119
Item number Ber 1983
100 1# - MAIN ENTRY--PERSONAL NAME
Personal name Beraud, Claude
Linkage A110418.1
245 10 - TITLE STATEMENT
Title Le foie de Francais /
Statement of responsibility, etc. Claude Beraude.
260 ## - PUBLICATION, DISTRIBUTION, ETC.
Place of publication, distribution, etc. Paris :
Name of publisher, distributor, etc. Stock,
Date of publication, distribution, etc. 1983.
350 ## - PRICE (NR) (BK AM CF MU VM SE) [OBSOLETE]
Price 25
650 #0 - SUBJECT ADDED ENTRY--TOPICAL TERM
Topical term or geographic name entry element Medical publishing -- France
Geographic subdivision Medical publishing -- France
Linkage S84365.1
650 #0 - SUBJECT ADDED ENTRY--TOPICAL TERM
Topical term or geographic name entry element Medical writing
Linkage S5385.1

No items available.

© 2026 - The University of Zambia Library - Koha v25.11